000 00799nam a2200253 i 4500
001 bg
003 BPK
005 20200407143536.0
008 960606s1994 uk f |000 0 eng d
020 _a0340631848
040 _cBPK
080 _a811.111'34
080 _a811.111'355
100 1 0 _aCruttenden, Alan
_d(1936- ).
245 7 0 _aGimson's pronunciation of English /
_crev. by Alan Cruttenden.
250 _a5th ed.
260 _aLondon [et al.] :
_bEdward Arnold,
_c1994.
300 _aXV, 304 :
_brys. ;
_c24 cm.
504 _aBibliogr. s.293-301. - Indeks.
650 4 _aJęzyk angielski
_xwymowa.
650 4 _aJęzyk angielski
_xfonetyka
856 _uhttp://koha.tu.koszalin.pl/cgi-bin/koha/opac-detail.pl?biblionumber=6791
_yKatalog online BPK
942 _cKS
_2UKD
999 _c6791
_d6791